<?xml version="1.0" encoding="UTF-8"?><?xml-stylesheet type="text/xsl" href="static/style.xsl"?><OAI-PMH xmlns="http://www.openarchives.org/OAI/2.0/" xmlns:xsi="http://www.w3.org/2001/XMLSchema-instance" xsi:schemaLocation="http://www.openarchives.org/OAI/2.0/ http://www.openarchives.org/OAI/2.0/OAI-PMH.xsd"><responseDate>2026-04-13T13:17:00Z</responseDate><request verb="GetRecord" identifier="oai:www.recercat.cat:10230/43961" metadataPrefix="marc">https://recercat.cat/oai/request</request><GetRecord><record><header><identifier>oai:recercat.cat:10230/43961</identifier><datestamp>2026-01-11T00:32:01Z</datestamp><setSpec>com_2072_6</setSpec><setSpec>col_2072_452952</setSpec></header><metadata><record xmlns="http://www.loc.gov/MARC21/slim" xmlns:dcterms="http://purl.org/dc/terms/" xmlns:xsi="http://www.w3.org/2001/XMLSchema-instance" xmlns:doc="http://www.lyncode.com/xoai" xsi:schemaLocation="http://www.loc.gov/MARC21/slim http://www.loc.gov/standards/marcxml/schema/MARC21slim.xsd">
   <leader>00925njm 22002777a 4500</leader>
   <datafield ind2=" " ind1=" " tag="042">
      <subfield code="a">dc</subfield>
   </datafield>
   <datafield ind2=" " ind1=" " tag="720">
      <subfield code="a">Prieto, Rafael M.</subfield>
      <subfield code="e">author</subfield>
   </datafield>
   <datafield ind2=" " ind1=" " tag="720">
      <subfield code="a">Rodríguez, Adrian</subfield>
      <subfield code="e">author</subfield>
   </datafield>
   <datafield ind2=" " ind1=" " tag="720">
      <subfield code="a">Sanchís, Pilar</subfield>
      <subfield code="e">author</subfield>
   </datafield>
   <datafield ind2=" " ind1=" " tag="720">
      <subfield code="a">Morey, Marga</subfield>
      <subfield code="e">author</subfield>
   </datafield>
   <datafield ind2=" " ind1=" " tag="720">
      <subfield code="a">Fiol, Miquel</subfield>
      <subfield code="e">author</subfield>
   </datafield>
   <datafield ind2=" " ind1=" " tag="720">
      <subfield code="a">Grases, Félix</subfield>
      <subfield code="e">author</subfield>
   </datafield>
   <datafield ind2=" " ind1=" " tag="720">
      <subfield code="a">Castañer, Olga</subfield>
      <subfield code="e">author</subfield>
   </datafield>
   <datafield ind2=" " ind1=" " tag="720">
      <subfield code="a">Martínez-González, Miguel Ángel, 1957-</subfield>
      <subfield code="e">author</subfield>
   </datafield>
   <datafield ind2=" " ind1=" " tag="720">
      <subfield code="a">Salas Salvadó, Jordi</subfield>
      <subfield code="e">author</subfield>
   </datafield>
   <datafield ind2=" " ind1=" " tag="720">
      <subfield code="a">Romaguera, Dora</subfield>
      <subfield code="e">author</subfield>
   </datafield>
   <datafield ind2=" " ind1=" " tag="260">
      <subfield code="c">2020-03-20T07:44:17Z</subfield>
   </datafield>
   <datafield ind2=" " ind1=" " tag="260">
      <subfield code="c">2020-03-20T07:44:17Z</subfield>
   </datafield>
   <datafield ind2=" " ind1=" " tag="260">
      <subfield code="c">2019</subfield>
   </datafield>
   <datafield ind2=" " ind1=" " tag="520">
      <subfield code="a">Our purpose was to study the relationship of adherence to the Mediterranean diet (MedDiet) with urinary factors that favor the formation of renal calcium and uric acid stones in overweight and obese participants who had metabolic syndrome. This cross-sectional study examined 267 participants. A well-known MedDiet score (range 0-9) was calculated for each patient, and patients were then categorized has having low (≤3), medium (4-5), or high (≥6) adherence to the MedDiet. Baseline characteristics and urinary parameters were also analyzed. High calcium salt urinary crystallization risk (CaUCR) and high uric acid urinary crystallization risk (UrUCR) were calculated from urinary parameters using pre-defined criteria. More than half of patients with MedDiet scores ≤3 had high UrUCR (55.4%) and high CaUCR (53.8%). In contrast, fewer patients with high adherence (≥6) to the MedDiet had high UrUCR (41.2%) and high CaUCR (29.4%). Relative to those with low adherence, individuals with high adherence had a prevalence ratio (PR) of 0.77 for a high UrUCR (95% CI: 0.46-1.12; p for trend: 0.069) and a PR of 0.51 for a high CaUCR (95% CI: 0.26-0.87; p for trend: 0.012) after adjusting for age, sex, body mass index, type 2 diabetes, and total energy intake. Our findings indicate that greater adherence to the MedDiet was associated with a reduced CaUCR and a reduced UrUCR. This suggests that adequate dietary management using the MedDiet patterns may prevent or reduce the incidence and recurrence of calcium salt and uric acid renal stones.</subfield>
   </datafield>
   <datafield ind2=" " ind1=" " tag="520">
      <subfield code="a">This research was funded by Instituto de Investigación en Salud Carlos III, grants numbers PI14/00853 and PI17/00525—co-funded by European Regional Development Fund (FEDER), Centro de Investigación Biomédica en Red (CIBEROBN), grant number CB06/03/0043 and European Research Council (ERC), grant number 340918.</subfield>
   </datafield>
   <datafield tag="653" ind2=" " ind1=" ">
      <subfield code="a">Mediterranean diet</subfield>
   </datafield>
   <datafield tag="653" ind2=" " ind1=" ">
      <subfield code="a">Renal lithiasis</subfield>
   </datafield>
   <datafield tag="653" ind2=" " ind1=" ">
      <subfield code="a">Urinary crystallization risk</subfield>
   </datafield>
   <datafield ind2="0" ind1="0" tag="245">
      <subfield code="a">Association of adherence to the mediterranean diet with urinary factors favoring renal lithiasis: cross-sectional study of overweight individuals with metabolic síndrome</subfield>
   </datafield>
</record></metadata></record></GetRecord></OAI-PMH>